00999nam a2200265 i 450000100060000000300090000600500170001500700030003200800410003502000180007608000190009410000510011324501320016426000520029630000300034849000240037850200370040265000350043970000300047471000360050483000320054085200220057299900170059495201220061115563ES-MaACL20230906151114.0t|000330s1999 sp ||||1| spa d a84-95171-01-5 a741.5.036(460)1 aValls Vicente, María de los Angeles.911295513aLa caricatura valenciana en la II República (1931-1939) / cMª de los Angeles Valls Vicente ; prólogo de Magdalena Barril. aValencia : bAyuntamiento de Valencia, c[1999] a321 p. : bil. ; c25 cm.1 aColección Estudis aBasado en la tesis de la autora.14aCaricatura-zEspaña.91455511 aBarril, Magdalena.9259862 aValencia. bAyuntamiento.975310 aColección Estudis9179255 aES-MaACLjL-22750 c15563d15563 00104070aATENEOMbATENEOMcDEPO2d2008-01-17eSCl0oL-22750p1015822r2023-02-23 00:00:00w2023-02-23yMONOGRAFIA